|
|
|
|
| LEADER |
02011nam a2200505 a 4500 |
| 001 |
000683496 |
| 003 |
CZ BrMZK |
| 005 |
20081215134911.0 |
| 007 |
ta |
| 008 |
030825s2003 xr af e 000 macze d |
| 015 |
|
|
|a cnb001280850
|
| 020 |
|
|
|a 80-7264-055-0
|q (váz.)
|
| 035 |
|
|
|a (OCoLC)55694096
|
| 040 |
|
|
|a BOA001
|b cze
|
| 043 |
|
|
|a e-xr---
|
| 045 |
|
|
|a x-x-
|
| 072 |
|
7 |
|a 791/793
|x Divadlo, film, tanec (obecně)
|2 Konspekt
|9 3
|
| 072 |
|
7 |
|a 929
|x Biografie
|2 Konspekt
|9 8
|
| 080 |
|
|
|a 929
|2 MRF
|
| 080 |
|
|
|a 791/792.071.2
|2 MRF
|
| 080 |
|
|
|a 799.1
|2 MRF
|
| 080 |
|
|
|a (437.3)
|2 MRF
|
| 080 |
|
|
|a (0:82-94)
|2 MRF
|
| 080 |
|
|
|a (082)
|2 MRF
|
| 100 |
1 |
|
|a Strnad, Jožko
|7 mzk2003197789
|4 aut
|
| 245 |
1 |
0 |
|a Tmavozelený svět Jana Wericha /
|c Jožko Strnad
|
| 250 |
|
|
|a Vyd. 1.
|
| 260 |
|
|
|a Praha :
|b Toužimský & Moravec,
|c 2003
|
| 300 |
|
|
|a 163 s. :
|b il., [16] s. obr. příl. ;
|c 21 cm
|
| 505 |
0 |
|
|a Druhý svět Jana Wericha -- Parazit neboli veš vodní / Mikuláš Moravec -- Vzpomínání nejvrchnějšího Bidelníka Karla Bartovského na divotvorného Jana Wericha / Karel Bartovský
|
| 600 |
1 |
7 |
|a Werich, Jan,
|d 1905-1980
|7 jk01151601
|2 czenas
|
| 648 |
|
7 |
|a 20. století
|7 ch460558
|2 czenas
|
| 650 |
0 |
7 |
|a herci
|7 ph117199
|z Česko
|y 20. stol.
|2 czenas
|
| 650 |
0 |
7 |
|a sportovní rybolov
|7 ph116253
|2 czenas
|
| 655 |
|
7 |
|a vzpomínky
|7 fd133830
|2 czenas
|
| 655 |
|
7 |
|a sborníky
|7 fd163935
|2 czenas
|
| 700 |
1 |
|
|a Moravec, Mikuláš,
|d 1933-2008
|7 xx0012460
|4 aut
|
| 700 |
1 |
|
|a Bartovský, Karel,
|d 1928-
|7 mzk2005286541
|4 aut
|
| 740 |
0 |
2 |
|a Druhý svět Jana Wericha
|
| 740 |
0 |
2 |
|a Parazit neboli veš vodní
|
| 740 |
0 |
2 |
|a Vzpomínání nejvrchnějšího Bidelníka Karla Bartovského na divotvorného Jana Wericha
|
| 856 |
4 |
1 |
|u http://www.digitalniknihovna.cz/mzk/uuid/uuid:608122a0-0345-11e4-9789-005056827e52
|y Digitalizovaný dokument
|x NDK
|
| 910 |
|
|
|a BOA001
|b 2-1122.845
|
| 990 |
|
|
|a BK
|
| 996 |
6 |
|
|b 2610197020
|c 2-1122.845
|l MZK
|r Sklad / do 1 hodiny
|n 5
|p p.v.
|w 000683496
|u 000010
|a 1
|e BOA001
|j MZK50
|s P
|